000 00598nam a22001457a 4500
020 _a978-0-143-10329-5
082 _a823
_bMUR/M
100 _aMURTHY, SUDHA
245 _aMAHASHWETA
260 _aNEW DELHI
_bPENGUIN BOOKS
_c2007
300 _a154
520 _aMahashweta, by Sudha Murthy, is one such book. It is a simple story of a simple girl with simple aspirations, who wants to lead a simple life. Her name is Anupama. She finds fairy tale love and gets married, only to find her dreams shattered to pieces, when she discovers that she has leukoderma.
650 _aSHORT STORY
942 _cBK
999 _c6819
_d6819